|
|
|
|
| LEADER |
00000nam a2200000 a 4500 |
| 001 |
vtls001346854 |
| 003 |
SK-MaSNL |
| 005 |
20260301135343.0 |
| 008 |
180810s1828 hu 0 slo |
| 035 |
|
|
|a SNK000300101
|
| 040 |
|
|
|a SNK
|b slo
|c SNK
|e AACR2
|
| 041 |
0 |
|
|a slo
|
| 044 |
|
|
|a hu
|c HU
|
| 072 |
|
7 |
|a 783
|x Cirkevná hudba. Duchovná hudba. Náboženská hudba
|2 konspekt
|
| 080 |
|
|
|a 783
|2 2011
|
| 100 |
1 |
|
|a Tranovský, Juraj,
|d 1592-1637
|4 aut
|9 80330
|
| 245 |
1 |
|
|a Cithara sanctorum, Apoc. 5. v. 8.
|b pjsně Duchownj, staré y nowé, ...
|
| 260 |
|
|
|a Pesst
|b Matěg Trattner z Petrózy
|c 1825
|
| 300 |
|
|
|a 1162, 254 s.
|
| 650 |
0 |
7 |
|a duchovná hudba
|2 SNKPH
|9 1749
|
| 700 |
1 |
|
|a Trattner, Mátyás,
|d 1745-1828
|4 prt
|9 179881
|
| 752 |
|
|
|a Maďarsko
|d Budapešť
|
| 852 |
|
|
|a snk
|p SD 12750
|
| 958 |
|
|
|a ONDV
|
| 958 |
|
|
|a DF
|
| 999 |
|
|
|c 759913
|d 761843
|
| 952 |
|
|
|a SNK
|b SNK
|y PREZ
|7 0
|p 17A0642872
|o snkSD 12750 D2
|i snkF 951/67
|8 5
|z Rok: 1825
|0 0
|1 0
|4 0
|d 2010-02-15
|l 0
|r 2026-02-24 00:01:24
|w 2026-02-24
|
| 952 |
|
|
|a SNK
|b SNK
|y PREZ
|7 0
|p 17A0572334
|o snkSD 12750
|i snk2123-24/57
|0 0
|1 0
|4 0
|d 2008-01-05
|l 0
|r 2025-11-26 00:00:00
|w 2026-02-24
|
| 952 |
|
|
|a SNK
|b SNK
|y PREZ
|7 0
|p 17A0167860
|o snkSD 12750 D1
|i snkKSK 464/57
|8 3
|3 Poškodený chrbát väzby
|z Rok: 1825
|0 0
|1 0
|4 0
|d 1998-10-29
|l 0
|r 2005-01-02 00:00:00
|w 2026-02-24
|